Normal view
MARC view
- Thaae, Soren,
Entry Nombre Personal
001 - NUMERO DE CONTROL
- campo de control: 37783
003 - IDENTIFICADOR DE NUMERO DE CONTROL
- campo de control: UPN
005 - FECHA Y HORA DE LA ÜLTIMA TRANSACCIÓN
- campo de control: 20210219194528.0
008 - DATOS DE LONGITUD FIJA
- campo de control de longitud fija: nabaccnnaabn|||||||||| b |nc|||||d
035 ## - NUMERO DE CONTROL
- Número de control: UPN11000009890
040 ## - FUENTE DE CATALOGACIÓN
- Lenguaje de catalogación: SPA
- Agencia de transcripción: UPN
100 1# - ENCABEZAMIENTO - NOMBRE PERSONAL
- Nombre personal: Thaae, Soren,
- Fechas asociadas con el nombre: 1946-
670 ## - FUENTE EN LA QUE SE LOCALIZARON DATOS
- Cita de la fuente: LC/P
680 ## - NOTA PUBLICA DE ACCESO PÚBLICO
- Frase explicativa de la referencia: Nació en Dinamarca, es Diseñador gráfico. En 1989, 1990 y 1992, expuso esculturas de papel durante la Premiación Anual de Ilustradores Dimensionales en Nueva York y Londres. Ha realizado ilustraciones de recortes para folletos, carteles, anuncios, portadas de libros y revistas, entre otras.
902 ## - CATALOGADOR
- Catalogador: MITM/011015
